| 000 | 01912nam a2200361Ia 4500 | ||
|---|---|---|---|
| 001 | ebr10160732 | ||
| 003 | CaPaEBR | ||
| 006 | m u | ||
| 007 | cr cn||||||||| | ||
| 008 | 060207s2005 dcua sb 000 0 eng d | ||
| 010 | _z 2006271319 | ||
| 020 | _z0309093090 | ||
| 040 |
_aCaPaEBR _cCaPaEBR |
||
| 035 | _a(OCoLC)229185642 | ||
| 050 | 1 | 4 |
_aRA569.3 _b.N3783 2005eb |
| 110 | 2 |
_aNational Research Council (U.S.). _bCommittee to Assess Potential Health Effects from Exposures to PAVE PAWS Low-Level Phased-Array Radiofrequency Energy. |
|
| 245 | 1 | 3 |
_aAn assessment of potential health effects from exposure to PAVE PAWS low-level phased-array radiofrequency energy _h[electronic resource] / _cCommittee to Assess Potential Health Effects from Exposures to PAVE PAWS Low-Level Phased-Array Radiofrequency Energy, Board on Radiation Effects Research, Division on Earth and Life Studies, National Research Council of the National Academies. |
| 260 |
_aWashington, DC : _bNational Academies Press, _cc2005. |
||
| 300 |
_axv, 197 p. : _bill. |
||
| 500 | _a"This study was supported by contract F05604-01-C-9000..."--T.p. verso. | ||
| 504 | _aIncludes bibliographical references. | ||
| 533 |
_aElectronic reproduction. _bPalo Alto, Calif. : _cebrary, _d2009. _nAvailable via World Wide Web. _nAccess may be limited to ebrary affiliated libraries. |
||
| 650 | 0 |
_aLow-level radiation _xHealth aspects. |
|
| 650 | 0 | _aRadar. | |
| 650 | 0 |
_aRadiation _xMeasurement. |
|
| 650 | 0 |
_aRadiation _xPhysiological effect. |
|
| 650 | 0 |
_aRadio frequency _xHealth aspects. |
|
| 650 | 0 |
_aRadio frequency _xSafety measures. |
|
| 655 | 7 |
_aElectronic books. _2local |
|
| 710 | 2 |
_aNational Research Council (U.S.). _bBoard on Radiation Effects Research. |
|
| 710 | 2 | _aebrary, Inc. | |
| 856 | 4 | 0 |
_uhttp://site.ebrary.com/lib/rucke/Doc?id=10160732 _zAn electronic book accessible through the World Wide Web; click to view |
| 999 |
_c243296 _d243296 |
||